000
00253nam a2200085Ia 4500
008
240331s9999 xx 000 0 und d
100
_a
Bandaranayake,S
245
0
_a
Continuities and Transformations :
_b
Studies in Sri Lanka Archaelogy and History
942
_c
L
999
_c
5773
_d
5773